Systems analysis and design (Record no. 5481)
[ view plain ]
| 000 -LEADER | |
|---|---|
| fixed length control field | 00664 a2200217 4500 |
| 020 ## - INTERNATIONAL STANDARD BOOK NUMBER | |
| International Standard Book Number | 0789559579 |
| 040 ## - CATALOGING SOURCE | |
| Original cataloging agency | Library of Congress |
| Language of cataloging | English |
| 082 ## - DEWEY DECIMAL CLASSIFICATION NUMBER | |
| Classification number | 004.21 |
| 100 1# - MAIN ENTRY--PERSONAL NAME | |
| Personal name | Shelly, Gary B. |
| 245 10 - TITLE STATEMENT | |
| Title | Systems analysis and design |
| Statement of responsibility, etc. | Gary B. Shelly, Thomas J. Cashman, Harry J. Rosenblatt. |
| 250 ## - EDITION STATEMENT | |
| Edition statement | 4th ed. |
| 260 ## - PUBLICATION, DISTRIBUTION, ETC. | |
| Place of publication, distribution, etc. | Boston : |
| Name of publisher, distributor, etc. | Course Technology, |
| Date of publication, distribution, etc. | c2001. |
| 300 ## - PHYSICAL DESCRIPTION | |
| Extent | 1 v. (various pagings) : |
| Other physical details | col. ill. ; |
| Dimensions | 28 cm. |
| 490 1# - SERIES STATEMENT | |
| Series statement | Shelly Cashman series. |
| 650 #0 - SUBJECT ADDED ENTRY--TOPICAL TERM | |
| Topical term or geographic name entry element | System analysis. |
| 650 #0 - SUBJECT ADDED ENTRY--TOPICAL TERM | |
| Topical term or geographic name entry element | System design. |
| 700 1# - ADDED ENTRY--PERSONAL NAME | |
| Personal name | Cashman, Thomas J. |
| 700 1# - ADDED ENTRY--PERSONAL NAME | |
| Personal name | Rosenblatt, Harry J. |
| 800 1# - SERIES ADDED ENTRY--PERSONAL NAME | |
| Personal name | Shelly, Gary B. |
| 942 ## - ADDED ENTRY ELEMENTS (KOHA) | |
| Koha item type | Book |
| Call number prefix | 004.21 SHE |
| Source of classification or shelving scheme | |
| Withdrawn status | Lost status | Damaged status | Not for loan | Collection code | Permanent Location | Current Location | Shelving location | Date acquired | Source of acquisition | Cost, normal purchase price | Total Checkouts | Full call number | Barcode | Date last seen | Price effective from | Koha item type |
|---|---|---|---|---|---|---|---|---|---|---|---|---|---|---|---|---|
| Central Library (CL) | Central Library (CL) | First Floor - Data Communication/Network/Architecture | 02/22/2003 | Allied Book Company | 682.08 | 004.21 SHE | SEECS003127 | 11/14/2012 | 01/05/2017 | Book | ||||||
| Central Library (CL) | Central Library (CL) | First Floor - Data Communication/Network/Architecture | 06/19/2006 | Allied Book Company | 5533.97 | 004.21 SHE | SEECS007484 | 11/14/2012 | 01/05/2017 | Book |
